000 05896cam a22004814i 4500
003 PE-LiUPU
005 20250731173420.0
008 150706s2009 na r 000 0 spa d
020 _a9780825411847
035 _a(Sirsi) i9780825411847
040 _aPE-LiUPU
_bspa
_cPE-LiUPU
_erda
049 _aPRUA
082 0 4 _a251.02
_bPP
_221
100 1 _aCampbell, Roger F.,
_d1930- ,
_eautor.
245 1 0 _aPredique por un año #7 :
_b104 bosquejos de sermones. Dos bosquejos completos para cada domingo del año /
_cRoger Campbell.
264 1 _aGrand Rapids :
_bEditorial Portavoz,
_c2009.
300 _a224 páginas ;
_c22 centímetros.
336 _atext
_2rdacontent
337 _aunmediated
_2rdamedia
338 _avolume
_2rdacarrier
490 0 _aPredique por un año
505 0 _aEnero -- La primera Santa Cena -- Metas para el nuevo año -- Cómo prosperar en vez de solo sobrevivir -- Cómo anduvo Jesús -- Valor para difundir su fe -- Reavivar a una iglesia decadente -- Certidumbre de soberanía -- Amor prohibido -- Febrero -- El hombre con la visión de Hechos 20:20 -- Demas el desertor -- Evangelistas: los hombres fuertes de Dios que faltan -- ¿Perspicaces y dinámicos, pero tontos? -- Cantos del espíritu -- El libro para todas las épocas -- Señales del salvador -- Las calamidades del vino -- Marzo -- Vencer a los gigantes -- El Cristo que consuela -- El príncipe traspasado (se inicia la serie sobre la cruz) -- El sustituto -- El hombre con las manos heridas -- El abandonado -- El salvador sufriente -- La preocupada esposa de Pilato -- Abril -- Lavados en la sangre -- El que es digno (concluye la serie sobre la cruz) -- La prueba más grande de todas -- La muerte ha sido derrotada -- Edificar al pastor -- Edificar a la iglesia -- Firmemente asido de las promesas -- El pecado de no orar -- Mayo -- Los sabios ganan (se inicia la serie sobre proverbios) -- Descubrir la dirección de Dios -- Consejos de la madre de un rey (día de la madre) -- Cuatro claves para el éxito espiritual -- Cuando Dios corrige a sus hijos -- Siete cosas que Dios aborrece, parte 1 -- Siete cosas que Dios aborrece, parte 2 -- Conviértase en un árbol de vida -- Junio -- La serpiente en su copa (concluye la serie sobre proverbios) -- Sin avergonzarse -- El valor de un alma -- El Dios de lo imposible -- Un padre noble (día del padre) -- Gracia para todas las fomas de desplazarse -- Cuando dos buscadores se encuentran -- Cuando Dios parece sordo y débil -- Julio -- La fórmula de Pablo para obtener paz y libertad (día de la independencia) -- Un rey arrepentido (se inicia la serie sobre salmos) -- El valor de la oración tenaz -- Buenas noticias para los creyentes agobiados -- Convierta sus temores en fe -- Cuando vuelve el canto -- El gozo de la oración contestada -- Dios es siempre bueno -- Agosto -- Dirección y meta -- Compasión en acción -- El refugio -- Fe creciente -- Rescatado mientras vivía al borde -- Venid adoremos -- ¿Quién es el que manda? -- Sin punto medio (concluye la serie sobre salmos) -- Septiembre -- Fe de otoño -- La triste sorpresa -- La vida que resiste la tormenta -- ¿Por qué podía Cristo hablar con autoridad? -- Probar a Dios -- El gozo de dar y recibir -- El secreto sagrado -- El mejor día del año -- Octubre -- El poder de una mente sin preocupaciones (se inicia la serie sobre el poder) -- El poder de la oración -- El poder de un corazón agradecido -- El poder del pensamiento controlado por Cristo, parte 1 -- El poder del pensamiento controlado por Cristo, parte 2 -- El poder del pensamiento controlado por Cristo, parte 3 (concluye la serie sobre el poder) -- Navidad misionera -- Un misionero satisfecho -- Noviembre -- Las garantías de la gracia -- Cosas preciosas (se inicia la serie sobre 2 Pedro) -- Cómo vencer la falta de fruto -- Cuestión de vida o muerte (pausa en la serie sobre 2 Pedro) -- Día de acción de gracias y navidad (día de acción de gracias) -- Santa cena del día de acción de gracias (día de acción de gracias) -- Experiencias cumbre (se retoma la serie sobre 2 Pedro) -- Los falsos maestros y su fin -- Diciembre -- Voluntariamente ignorantes -- Dios es siempre puntual -- Las baratijas pasajeras de nuestros tiempos -- La alternativa del "pero" -- El último llamado de Pedro (concluye la serie sobre 2 Pedro) -- Promesas, provisión y paz (navidad) -- El pesebre, los mensajeros y el mensaje (navidad) -- El milagro de los magos (navidad) -- Sermones para ocaciones especiales -- Lázaro y el ser querido que usted ha perdido (sermón para funeral) -- Dos palabras maravillosas (sermón para funeral) -- El cielo: muy superior a lo que podamos soñar jamás (sermón para funeral) -- Un texto para momentos difíciles (sermón para funeral o tragedia) -- Tiempo de amar (Día de San Valentín) -- Los grandes premios de graduación de Dios (domingo de graduación) -- ¿Está Dios contra el aborto? (domingo de santidad de la vida) -- La fe fomenta la familia (domingo de la familia) -- Índice de textos bíblicos.
526 _aSEG42
526 _aSEG41
526 _aSEG40
526 _aSEG39
526 _aP94
526 _aP87
526 _aP86
526 _aP85
526 _aP77
526 _aP76
526 _aP35
541 _g001-0000583;
650 0 4 _aSermones bíblicos.
700 1 _aMarín, Luis Diego,
_etraductor.
910 _agl
_cjck
_d20120611
942 _2ddc
_cBOOK
949 _a251.02 PP 7
_wDEWEY
_c1
_i64929
_lCCODEBUL1
_mBUL
_p13.00
_r0
_sY
_tBOOK
_u2015-7-6
_xTEOLOGIA
_PP35
_o.STAFF. Colección Teología
994 _aC0
_bPEPRU
596 _a1
999 _a251.02 PP 7
_wDEWEY
_c53637
_i64929
_d53637
_e2018-9-13
_f2021-11-10
_g5
_lCCODEBUL1
_mBUL
_n2
_p13.00
_r0
_sY
_tBOOK
_u2015-7-6
_xTEOLOGIA
_PP35
_0COMPRA
_o.STAFF. Colección Teología
980 _81
_gALBERTO SANCHEZ Responsable de Automatización